| 000 | 00394nam a22001217a 4500 | ||
|---|---|---|---|
| 082 | _a220 PRO | ||
| 100 |
_aMAAZ HASAN, DANISH _972335 |
||
| 245 | _aPR-SOF-1032-DESIGN AND DEVELOPMENT OF A MECHANISM FOR GRASPING NOVEL OBJECTS IN CLUTTERED ENVIRONMENT | ||
| 260 |
_aISLAMABAD _bNUST COLLEGE OF EME _c2010 |
||
| 650 | _a DE-MECH-28 | ||
| 700 |
_aSUPERVISOR ,AKHTAR KHURSHID _972336 |
||
| 942 | _cCR | ||
| 999 |
_c578410 _d578410 |
||